00727 2200277 4500001002100000005001700021008004100038035002400079040001200103082001000115090001700125090001500142100002600157245004800183250001100231260002800242300002500270500003300295650003400328850001200362990001500374990001500389990001500404990001500419990001500434YOGYA-0209000000310620090227020610.0 ind  0010-020900000003106 aYOPDYOG a530.7 a530.7bMan B a530bMan B aMANGUNWIYOTO, Widagdo aBuku pelajaran fisikacWidagdo Mangunwiyoto aCet. 1 aJakartabErlanggac1981 a... jilbilusc20 cm aYang diterima : jil. 2 dan 3 aFisika - Studi dan pengajaran aYOPDYOG a15285-Pb1 a15280-Pb1 a15283-Pb1 a15282-Pb1 a17719-Pb1